000 00481nam a2200181Ia 4500
003 GCL
008 140319s9999 xx 000 0 ara d
040 _aGCL /
_cGCL
082 0 4 _aط
_b813.087
_bس م
100 1 _aسيجور
245 1 0 _aمذكرات حمار /
_cسيجور
700 1 _aمحمد هيثم
490 _aروايات عالمية للفتيان
_v0
650 0 4 _aالاطفال
650 0 4 _aالقصص
650 0 4 _aقصص الاطفال
942 _2ddc
_cBK
999 _c42453
_d42453